|
|
|
|
| LEADER |
01299nam a2200373 a 4500 |
| 001 |
000557146 |
| 003 |
CZ BrMZK |
| 005 |
20150106101555.0 |
| 007 |
ta |
| 008 |
010907s2000 xr g j cze d |
| 015 |
|
|
|a cnb000888597
|
| 020 |
|
|
|a 80-85911-80-9
|
| 035 |
|
|
|a (OCoLC)47952471
|
| 040 |
|
|
|a BOA001
|b cze
|
| 072 |
|
7 |
|a 821.111(73)-3
|x Americká próza
|2 Konspekt
|9 25
|
| 080 |
|
|
|a 821.111(73)-32
|2 MRF
|
| 080 |
|
|
|a (0:82-322.4)
|2 MRF
|
| 080 |
|
|
|a (082.21)
|2 MRF
|
| 100 |
1 |
|
|a Lovecraft, H. P.
|q (Howard Phillips),
|d 1890-1937
|7 jn19990009786
|
| 245 |
1 |
0 |
|a Cthulhu 2000 /
|c příběhy z končin nezemského děsu inspiroval H.P. Lovecraft ; vybral Jim Turner ; [z angličtiny přeložili Jiří Beneš ... et al.]
|
| 250 |
|
|
|a Vyd. 1.
|
| 260 |
|
|
|a Frenštát pod Radhoštěm :
|b Polaris,
|c 2000
|
| 300 |
|
|
|a 411 s. ;
|c 20 cm
|
| 490 |
1 |
|
|a Horor
|
| 655 |
|
7 |
|a americké povídky
|7 fd131793
|2 czenas
|
| 655 |
|
7 |
|a horory (povídky)
|7 fd132417
|2 czenas
|
| 655 |
|
7 |
|a výbory
|7 fd133853
|2 czenas
|
| 700 |
1 |
|
|a Beneš, Jiří,
|d 1947-
|7 jn20020716425
|
| 700 |
1 |
|
|a Turner, Jim
|
| 765 |
0 |
|
|t Cthulhu 2000
|
| 830 |
|
0 |
|a Horor (Polaris)
|0 s
|
| 910 |
|
|
|a BOA001
|b 2-1084.477
|
| 990 |
|
|
|a BK
|
| 996 |
6 |
|
|b 2610133760
|c 2-1084.477
|l MZK
|r Sklad / do 1 hodiny
|n 22
|p p.v.
|w 000557146
|u 000010
|a 1
|e BOA001
|j MZK50
|s P
|